000
00305nam a22001337a 4500
008
181220b xxu||||| |||| 00| 0 eng d
020
_a
9780807842591
041
_a
eng
080
_a
940
100
_a
16
101
_a
SHH
245
_a
The Scothchirish A Social History
_c
Leyburn,J.G
942
_2
udc
_c
BK
999
_c
53567
_d
53567